Introduction to aristotle (Registro nro. 14592)

Detalles MARC
001 - NÚMERO DE CONTROL
campo de control 86969
005 - FECHA Y HORA DE LA ÚLTIMA TRANSACCIÓN
campo de control 20260428111236.0
008 - DATOS DE LONGITUD FIJA--INFORMACIÓN GENERAL
campo de control de longitud fija 960313s1947 eng
035 ## - NÚMERO DE CONTROL DEL SISTEMA
Número de control de sistema 86969
035 ## - NÚMERO DE CONTROL DEL SISTEMA
Número de control de sistema (OCoLC)778233945
040 ## - FUENTE DE LA CATALOGACIÓN
Centro/agencia transcriptor comduadb
041 ## - CÓDIGO DE LENGUA
Código de lengua del texto/banda sonora o título independiente eng
082 #4 - NÚMERO DE LA CLASIFICACIÓN DECIMAL DEWEY
Número de clasificación 185
100 10 - ENTRADA PRINCIPAL--NOMBRE DE PERSONA
Nombre de persona McKeon, Richard
Código de función edt
Término indicativo de función/relación Editor/a
9 (RLIN) 393096
245 10 - MENCIÓN DE TÍTULO
Título Introduction to aristotle
260 ## - PUBLICACIÓN, DISTRIBUCIÓN, ETC.
Lugar de publicación, distribución, etc. Estados Unidos :
Nombre del editor, distribuidor, etc. Modern Library,
Fecha de publicación, distribución, etc. 1947.
300 ## - DESCRIPCIÓN FÍSICA
Extensión 667 páginas
650 ## - PUNTO DE ACCESO ADICIONAL DE MATERIA--TÉRMINO DE MATERIA
Término de materia o nombre geográfico como elemento de entrada Aristotelismo
9 (RLIN) 2459
942 ## - ELEMENTOS DE ENTRADA AGREGADA (KOHA)
Tipo de ítem Koha Libros
Existencias
Estado de retiro Estado de pérdida Estado dañado No para préstamo Código de colección Localización permanente Ubicación/localización actual Fecha de adquisición Número de inventario Total de préstamos Signatura topográfica completa Código de barras Fecha visto por última vez Número de copia Precio válido a partir de Tipo de ítem Koha Fuente de adquisición
        Colección Patrimonio Documental. Piso 4 Biblioteca Carlos Gaviria Díaz, Campus Medellín Biblioteca Carlos Gaviria Díaz, Campus Medellín 15/05/1998 C136719   185 A716i Zm 61000002774335 20/04/2023 1 20/04/2023 Libros - Reserva  
        Colección General Piso 2 Biblioteca Carlos Gaviria Díaz, Campus Medellín Biblioteca Carlos Gaviria Díaz, Campus Medellín 04/03/2004 C820112   185 A716i Zm e2 61000004187944 17/02/2026 2 20/04/2023 Libros Material adquirido por donación